000 00653nam a22002297a 4500
003 UA-OsUOA
001 31402
007 ta
008 20041220b un ||||| |||| 00| 0 ukr d
100 _aСухоруков С. Р.
090 _a930.1(47+57)
_bС91
942 _cBK
040 _aUA-OsUOA
_brus
_cUA-OsUOA
_dUA-OsUOA
245 _aЗападногерманская буржуазная историография советско-германских отношений 1917-1932
955 _a0
041 _arus
080 _a930.1(47+57)
260 _aМосква
_bНаука
_c1976
044 _aRU
650 7 _2UDC
999 _c317826
_d317826